002980000a220009700045001000023000002450070000233000031000935000034001246500014001587730028001721 aMackay, William M.10aWonderfully made (10): The Short-tailed Shearwater or Mutton bird a(Octubre 2005), Página 2 aEl milagro de la migración.14aPÁJAROS0 tThe Presbyterian Banner